000
00321nam a2200121Ia 4500
008
190722s9999 xx 000 0 und d
020
_a
978-81-265-1520-2
100
_a
Tom M.Apostol
245
0
_a
Calculus Multi Variable Calculus and linear algebra
260
_a
India
_b
John Wiley
_c
2017
300
_a
673
942
_c
BK
999
_c
1156
_d
1156